Política económica regional / (Record no. 148091)

MARC details
000 -LEADER
campo de control de longitud fija 00647nam a2200193 4500
001 - NÚMERO DE CONTROL
campo de control 148091
003 - IDENTIFICADOR DE NÚMERO DE CONTROL
campo de control ES-MaACL
005 - FECHA Y HORA DE LA ÚLTIMA TRANSACCIÓN
campo de control 20230906202427.0
007 - CAMPO FIJO DE DESCRIPCIÓN FÍSICA--INFORMACIÓN GENERAL
campo de control de longitud fija t|
008 - DATOS DE LONGITUD FIJA--INFORMACIÓN GENERAL
campo de control de longitud fija 070214s1973 sp r ||||1| spa d
100 1# - ENTRADA PRINCIPAL--NOMBRE DE PERSONA
Nombre de persona Stilwell, Frank J. B.
9 (RLIN) 108228
245 10 - MENCIÓN DEL TÍTULO
Título Política económica regional /
Mención de responsabilidad, etc. Frank J. B. Stilwell ; traducción de M. Valls Maqueda ; revisión de: J. Angelet Cladellas.
250 ## - MENCION DE EDICION
Mención de edición [1ª ed.].
260 ## - PUBLICACIÓN, DISTRIBUCIÓN, ETC.
Lugar de publicación, distribución, etc. [Barcelona] :
Nombre del editor, distribuidor, etc. Vicens Vives,
Fecha de publicación, distribución, etc. [1973] (
Fabricante Diamante)
300 ## - DESCRIPCIÓN FÍSICA
Extensión 108 p. ;
Dimensiones 21 cm.
700 1# - ENTRADA AGREGADA--NOMBRE PERSONAL
Nombre de persona Valls Maqueda, M.
9 (RLIN) 112946
700 1# - ENTRADA AGREGADA--NOMBRE PERSONAL
Nombre de persona Angelet Cladellas, Joan.
9 (RLIN) 161492
852 ## - LOCALIZACIÓN
Ubicación ES-MaACL
Número de control de estantería C-56300
Sublocalización o colección R.89136
Holdings
Estatus retirado Estado de pérdida Estado de daño No para préstamo Biblioteca de origen Biblioteca actual Ubicación en estantería Fecha de adquisición Fuente de adquisición Total de préstamos Signatura topográfica completa Código de barras Visto por última vez Precio de reemplazo Tipo de ítem Koha
        Biblioteca del Ateneo de Madrid Biblioteca del Ateneo de Madrid Depósito 2 17/01/2008     C-56300 1154548 23/02/2023 23/02/2023 Libro impreso